000 00604nam a2200193Ia 4500
003 GCL
008 140319s9999 xx 000 0 ara d
040 _aGCL /
_cGCL
082 0 4 _aط
_b811.05
_bا م
100 1 _aاحمد زرزور
245 1 0 _aماقالتة الغيمة الاخيرة شعر للصغار 12-9 سنة /
_cاحمد زرزور
260 _a[S.N] :
_bالهيئة المصرية العامة للكتاب ،
_c1994
490 _a
650 0 4 _aالشعر العربى
650 0 4 _aالاطفال
650 0 4 _aالشعر
650 0 4 _aشعر الاطفال
942 _2ddc
_cBK
999 _c33269
_d33269